LEADER 01212nam a2200289 i 4500 001 000000365323 003 CaOOAMICUS 005 20251121111425.0 008 251121s2025 it u000 u ita u 020 $a978-88-399-2427-8 040 $aSeMil$bita 100 1 $aBolis, Ezio,$d<1964- >.$0(OLS)http://semarc/name/19255 245 10$aTeologia spirituale :$bla scienza dei santi /$cEzio Bolis. 264 1$aBrescia :$bQueriniana,$c2025. 300 $a749 p. ;$c24 cm. 490 1 $aNuovo corso di teologia morale ;$v7 650 4$aSpiritualità - Teologia cristiana.$0(OLS)http://semarc/subject/54768 650 4$aTeologia spirituale.$0(OLS)http://semarc/subject/719 830 0$aNuovo corso di teologia morale ;$v7.$0(OLS)http://semarc/title/456882 850 $aSeMil 852 $aSeMil$W1$xVenegono$y1$m2BA S 7$j264676$B256159$CSeMilBibl$Z2$F256159 $81 900 1 $aBolis, Ezio Luca. 996 $6020$a978-88-399-2427-8$9(OLS)http://semarc/number/304710 996 $6245$aTeologia spirituale :$bla scienza dei santi$9(OLS)http://semarc/title/456886 996 $6264$aBrescia :$bQueriniana$9(OLS)http://semarc/publisher/29615 LEADER 01034nam a2200217 i 4500 001 000000234997 003 CaOOAMICUS 005 20141027000000.0 008 141027s1822 it u000 u ita u 013 $a213900 026 $ae,pe noi- 5.di limo (3) 1822 (A) 040 $aSeMil$bita 245 10$aTomo 10. 300 $a251, [1] p. 500 $aSegn. : A-P8 Q6. 773 0 $aNovaes, Giuseppe : da $tElementi della storia de' sommi pontefici da san Pietro sino al felicemente regnante Pio papa 7. ed alla santità sua dedicati per l'uso de' giovani studiosi, raccolti dal canonico Giuseppe de Novaes patrizio portoghese. Tomo 1. [-16. parte 2.].$dRoma : Presso Francesco Bourlié : si vende da Domenico Minù, incontro al Caravita num. 177, 1821.$bTerza edizione corretta ed ampliata.$g10$w()30816 850 $aSeMil 852 $aSeMil$W1$xVenegono$y1$m3B II 100 FA$j185343$B185343$CSeMilBibl$Z2$F196224 $8I 941 1 $a10 961 $aRecupero: Mantegazza 996 $6245$aTomo 10$9(OLS)http://semarc/title/194414